| 000 | 00435nam a2200181Ia 4500 | ||
|---|---|---|---|
| 008 | 230524s9999 xx 000 0 und d | ||
| 020 | _a8122414702 | ||
| 082 |
_a621.38 _bCHO |
||
| 100 | _aD.Roy Choudhury | ||
| 245 | 0 | _aLinear Integrated Circuts | |
| 250 | _a2ND | ||
| 260 |
_aNEW DELHI _bNew Age _c2005 |
||
| 300 | _aIII;420 | ||
| 500 | _aQuantity Number: 4 | ||
| 650 | _aElectronics | ||
| 700 | _a Shail B.Jain | ||
| 942 | _cBK | ||
| 999 |
_c30848 _d30848 |
||